With the Nice (Lp 6610 011 S) (Record n. 103308)
[ formato base ]
| 000 -LEADER | |
|---|---|
| fixed length control field | 02407njm a2200397Ia 4500 |
| 001 - CONTROL NUMBER | |
| control field | 20583 |
| 003 - CONTROL NUMBER IDENTIFIER | |
| control field | IT-RoPAU |
| 005 - DATE AND TIME OF LATEST TRANSACTION | |
| control field | 20220918181204.0 |
| 008 - FIXED-LENGTH DATA ELEMENTS--GENERAL INFORMATION | |
| fixed length control field | 131025s9999 xx 000 0 und d |
| 040 ## - CATALOGING SOURCE | |
| Original cataloging agency | IT-RoPAU |
| 040 ## - CATALOGING SOURCE | |
| Transcribing agency | IT-RoPAU |
| 999 ## - SYSTEM CONTROL NUMBERS (KOHA) | |
| Koha Dewey Subclass [OBSOLETE] | n.d. |
| 100 ## - MAIN ENTRY--PERSONAL NAME | |
| Personal name | Emerson Keith |
| 9 (RLIN) | 998 |
| 100 ## - MAIN ENTRY--PERSONAL NAME | |
| Relator term | Autore musica |
| 9 (RLIN) | 2213 |
| 100 ## - MAIN ENTRY--PERSONAL NAME | |
| Miscellaneous information | Codice autore musica SPICS: 10877 |
| 9 (RLIN) | 1000 |
| 245 ## - TITLE STATEMENT | |
| Title | With the Nice (Lp 6610 011 S) |
| 250 ## - EDITION STATEMENT | |
| Edition statement | 1a ed. |
| 260 ## - PUBLICATION, DISTRIBUTION, ETC. (IMPRINT) | |
| Place of publication, distribution, etc. | ITALIA |
| 260 ## - PUBLICATION, DISTRIBUTION, ETC. (IMPRINT) | |
| Name of publisher, distributor, etc. | PHILIPS |
| Date of publication, distribution, etc. | 1972 [1a Ed.:1972 - Ed. Lingua Orig.: 1972] |
| 300 ## - PHYSICAL DESCRIPTION | |
| Extent | DISCO |
| 300 ## - PHYSICAL DESCRIPTION | |
| Dimensions | 89 minuti (Testo: pag.) |
| 500 ## - GENERAL NOTE | |
| General note | Musica strumentale. Arrangiatore, arrangiamenti, pianoforte |
| 505 ## - FORMATTED CONTENTS NOTE | |
| Formatted contents note | The Five Bridges Suite - One of Those Peoplefantasia, 1St Bridge 2Nd Bridgechorale, 3Rd Bridgehigh Level Fugue, 4Th Bridgefinale, 5Th Bridge - Country Pie/Brandenburg concerto N.6 (6:00) - Hang On To a Dream (13:00) - America [(2Nd Amendment) (11:00) ( Arr. Jackson L. Davison)] - My Back Pages (20:00) - Intermezzo "Karelia Suite" [(21:00) (Arr. Emerson K. - Eger J.)] - Third movement Pathetique [(8:00) (Arr. Emerson K. - Jackson Davison )] - Third Movement Pathetique Symphony N.6 [(22:00) ( Arr. Emerson K - Eger J.)] |
| 511 ## - PARTICIPANT OR PERFORMER NOTE | |
| Participant or performer note | Orchestra: Sinfonia of London diretta da Eger Joseph |
| 650 ## - SUBJECT ADDED ENTRY--TOPICAL TERM | |
| Topical term or geographic name as entry element | STRUMENTALE [DISCHI] |
| Relator term | Codice MATERIA SPICS: 9950 |
| 9 (RLIN) | 828 |
| 700 ## - ADDED ENTRY--PERSONAL NAME | |
| Personal name | Emerson Keith |
| Miscellaneous information | Codice autore SPICS: 10877 |
| Relator term | Autore |
| 9 (RLIN) | 2214 |
| 700 ## - ADDED ENTRY--PERSONAL NAME | |
| Personal name | Jackson Lee |
| Relator term | Autore testo e musica |
| Miscellaneous information | Codice autore testo/musica SPICS: 18070 |
| 9 (RLIN) | 2215 |
| 700 ## - ADDED ENTRY--PERSONAL NAME | |
| Personal name | Bach Johann Sebastian |
| Relator term | Autore musica |
| Miscellaneous information | Codice autore musica SPICS: 9695 |
| Name of part/section of a work | Country Pie/Brandenburg concerto N.6 |
| 9 (RLIN) | 2216 |
| 700 ## - ADDED ENTRY--PERSONAL NAME | |
| Personal name | Dylan Bob |
| Relator term | Autore musica |
| Miscellaneous information | Codice autore musica SPICS: 7026 |
| Name of part/section of a work | Country Pie/Brandenburg concerto N.6 - My Back Pages |
| 9 (RLIN) | 2217 |
| 700 ## - ADDED ENTRY--PERSONAL NAME | |
| Personal name | Hardin Tim |
| Relator term | Autore musica |
| Miscellaneous information | Codice autore musica SPICS: 18065 |
| Name of part/section of a work | Hang On To a Dream |
| 9 (RLIN) | 2218 |
| 700 ## - ADDED ENTRY--PERSONAL NAME | |
| Personal name | Bernstein Leonard |
| Relator term | Autore musica |
| Miscellaneous information | Codice autore musica SPICS: 10723 |
| Name of part/section of a work | America (2Nd Amendment) |
| 9 (RLIN) | 2219 |
| 700 ## - ADDED ENTRY--PERSONAL NAME | |
| Personal name | Sondheim Stephen |
| Relator term | Autore |
| Miscellaneous information | Codice autore SPICS: 8298 |
| Name of part/section of a work | America (2Nd Amendment) |
| 9 (RLIN) | 2220 |
| 700 ## - ADDED ENTRY--PERSONAL NAME | |
| Personal name | Sibelius Jan |
| Relator term | Autore musica |
| Miscellaneous information | Codice autore musica SPICS: 8198 |
| Name of part/section of a work | Intermezzo "Karelia Suite" |
| 9 (RLIN) | 2221 |
| 700 ## - ADDED ENTRY--PERSONAL NAME | |
| Personal name | Cajkovskij Petr Llijch |
| Relator term | Autore musica |
| Miscellaneous information | Codice autore musica SPICS: 10808 |
| Name of part/section of a work | Third Movement Pathetique - Third Movement Pathetique Symphony N.6 |
| 9 (RLIN) | 2222 |
| 942 ## - ADDED ENTRY ELEMENTS (KOHA) | |
| Koha item type | DISCHI |
| Source of classification or shelving scheme | Dewey Decimal Classification |
| Withdrawn status | Lost status | Damaged status | Not for loan | Home library | Current library | Date acquired | Total Checkouts | Full call number | Date last seen | Price effective from | Koha item type | Public note |
|---|---|---|---|---|---|---|---|---|---|---|---|---|
| Buone Condizioni | Not For Loan | SPICS-MEDIATECA | SPICS-MEDIATECA | 25/10/2013 | 20583 | 25/10/2013 | 25/10/2013 | DISCHI | Progr. Ins.: 3890 / N.Vol.: 2 / Copie: 1 - Copia rara: n.d. / date import: 01.01.2014 - By Epidotti, Trombetti, Vaglietti |